Finish the Lyrics: Disney Princesses - Statistics

General Stats
  • This quiz has been taken 392 times
  • The average score is 5 of 15
Answer Stats
Finish the Lyrics Answer % Correct
Be our guest, be our guest. ___ ___ _______ __ ___ ____. Put our service to the test
85%
Look at this stuff. Isn't it neat? _______ ___ _____ __ __________ _______? Wouldn't you think my collections complete
74%
Every turn I make. Every trail I track. _____ ____ _ ___. _____ ____ _____ ____. Every path I make Every road leads back
53%
Hi ho. Hi ho. ___ ___ __ ____ __ __. It's off to work we go
52%
Let's get down to business, __ ______ ___ ____. To defeat the Huns
51%
A whole new world. _ ___ _________ _____ __ ____. A new fantastic point of view
49%
A dream is a wish your heart makes, ____ ____ ____ ______. When you're fast asleep
42%
Flower gleam and glow. Let your power shine. ____ ___ _____ _______. _____ ____ ____ ____ ___ ____. Make the clock reverse Bring back what once was mine
38%
I can hear you, but I won't. Some look for trouble, while others don't. ______ _ ________ _______ _ ______ __ _____ __ ___. There's a thousand reasons I should go about my day
24%
Have you ever heard the wolf cry to the blue corn moon? __ _____ ___ ________ ______ ___ __ _______? Or asked the grinning bobcat why he grinned
19%
And I'm almost there. I'm almost there. ______ ____ ____ _____ __ _____, ___ _ ____ ____. People down here think I'm crazy But I don't care
13%
No one's slick as Gaston. No one's quick as Gaston. __ ____ ____ __ __________ _____ __ ______. No one's neck is incredibly thick as Gaston
8%
I know you. I walked with you once upon a dream. I know you. ____ ____ __ ____ ____ __ __ ________ _ _____. That look in your eyes is so familiar a gleam
5%
Let it go. Let it go. Can't hold it back anymore. Let it go. Let it go. ____ __ ____ ___ ____ ___ ____. Turn my back and slam the door
4%
Shalalalalala, my oh my. ____ __ ___ ___ ___ ___. __ ____ _____ ____ ___ ____. Look at the boy too shy He ain't gonna kiss the girl
0%
No matching quizzes found
Score Distribution
Percent of People with Each Score
Percentile by Number Answered
Your Score History
You have not taken this quiz